000 00321nam a22001337a 4500
008 170524b xxu||||| |||| 00| 0 eng d
020 _a0974245100
041 _aeng
080 _a621
100 _a26
101 _aIM
245 _aTHE EXPANDING FOLE OF MASS SPECTROMETRY IN BIOTECHNOLOGY
_cSIUZDAK,G
942 _2udc
_cBK
999 _c14186
_d14186